00382cam a22001337a 4500008004000000082001900040100001900059245004800078250001200126260002800138300001000166650003300176650003900209180718b1963 xxu||||| |||| 00| 0 eng d aF51x42 M199/63 aMcKenzie, R.T. aBritish political partiescby R.T. McKenzie a2nd ed. aLondonbHeinemannc1963 a694p. aLabour Party (Great Britain) aConservative Party (Great Britain)